| 000 | 00555nam a22001817a 4500 | ||
|---|---|---|---|
| 005 | 20130617124517.0 | ||
| 010 | _aENG-107618 | ||
| 020 |
_a9789381539026 _c200.00 |
||
| 035 | _aEN-91151 | ||
| 037 | _bDBAD/PUB | ||
| 100 | _aVijai, Shivapuri | ||
| 245 |
_aValue education / _cby Vijai Shivapuri |
||
| 260 |
_aVaranasi _bManish Prakashan _c2011 |
||
| 270 |
_bVaranasi _e221005 _aPlot No.- 26, Rohini Nagar Colony B.H.U., Varanasi-221005 _k0542-2310682 |
||
| 300 |
_ax,96p. _c22cm(Hb) |
||
| 500 | _aIncludes bibliographical references | ||
| 942 |
_2ddc _cEN _mVIJ |
||
| 999 |
_c76694 _d76694 |
||